000 00991nam a2200265 a 4500
008
020 _a9781118769225 (paperback.)
040 _aNUST
_cNUST
049 _aMAIN
090 _aHV8073
_bCOM
245 1 0 _aComunication in investigative and legal contexts:intergrated approaches from forensic psychology,linguisticsand law enforcement/
_c edited by Gavin Oxburg,Trond Myklebust,Tim Grant and Rebecca Milne.
260 _aWest Sussex :
_b Wiley Blackwell ;
_c2016.
300 _axxiii, 367 pages :
_billustrations ;
_c23 cm
336 _atext
_btxt
_2rdacontent
337 _aUnmediated
_2rdamedia
338 _avolume
_2rdacarrier
490 _aWily series i the psychology of crime, policing and law
504 _aIncludes bibliographical references
500 _aIncludes index
650 1 _aForensic psychology
907 _a.b10403036
_b15-06-21
_c31-05-21
003
005 20230123141158.0
942 _cBOOKS
_kHV8073
_mCOM
999 _c169021
_d169021